| 000 | 00579cam a2200205 4500500 | ||
|---|---|---|---|
| 005 | 20260405003802.0 | ||
| 041 | _afre | ||
| 042 | _adc | ||
| 100 | 1 | 0 |
_aMorel, François _eauthor |
| 245 | 0 | 0 | _aAdoptons un mot abandonné |
| 260 | _c2023. | ||
| 500 | _a80 | ||
| 690 | _aAbandon | ||
| 690 | _aFrançois Morel | ||
| 690 | _aHumour | ||
| 690 | _aMots | ||
| 690 | _aRire | ||
| 786 | 0 | _nPhilosophie magazine | 173 | 10 | 2023-10-01 | p. 74-74 | 1951-1787 | |
| 856 | 4 | 1 | _uhttps://shs.cairn.info/magazine-philosophie-magazine-2023-10-page-74?lang=fr&redirect-ssocas=7080 |
| 999 |
_c2070809 _d2070809 |
||